000 00759nam a2200277Ia 4500
003 OSt
005 20220918171144.0
006 a|||||r|||| 00| 0
007 ta
008 220917b |||||||| |||| 00| 0 eng d
020 _a9781405110662 (hb)
024 _a231,325
037 _cTextual
040 _aARTS
_cARTS
_beng
041 _2eng
_aeng
082 _aP42, N6;P7
100 _aTsujimura Natsuko
_934548
245 0 _aIntroduction to Japanese linguistics
260 _aMalden
_bBlackwell Publishing UK
_c2007
300 _axiv,501p.
_ccm.
490 _aBlackwell textbooks in linguistics
500 _a2nd edition
650 _aLINGUISTICS
942 _hP42, N6;P7
_cTEXL
_2CC
999 _c138150
_d138150